000 00437nam a2200157Ia 4500
008 210716s2004 xx 000 0 und d
020 _a817649707X
041 _aeng
082 _a338.04 MARC
100 _aMartin, Charles L.
245 _aStarting your new business: a guide for entrepreneurs.
_bGuide for entrepreneurs.
250 _a1
260 _aNew Delhi
_bViva Books
_c2004
300 _aviii,103
650 _aEntrepreneurship
999 _c202731
_d202731